000 00952nam a22001937a 4500
999 _c62938
_d62938
003 Ge_BSU
005 20250326164453.0
008 250326s2012 ge ||||| |||| 00| 0 geo d
020 _a9789994050581
041 _ageo
080 _a316.6(075.8) ც-77
100 _aციცქიშვილი, რუსუდან
_924685
245 _aსოციალური ფსიქოლოგიის საფუძვლები :
_bსახელმძღვ. /
_cრუსუდან ციცქიშვილი ; ფოტოები დავით მირველაშვილი.
264 _aთბილისი :
_b საქ. უნ-ტის გამ-ბა,
_c2012.
300 _a385 გვ. :
_bფოტ. ;
_c26 სმ.
653 _aსოციალური ფსიქოლოგია
700 _aმირველაშვილი, დავით
_eფოტო
_924686
942 _2udc
_cᲬᲘᲒᲜᲘ